[Event "Pojedinacno prvenstvo Centralne Srbije 2"]
[Site "Vrnjacka Banja"]
[Date "2014.03.19"]
[Round "4.7"]
[White "Ristic, Nenad"]
[Black "Radusinovic, Lazar"]
[Result "1-0"]
[WhiteElo "2431"]
[BlackElo "2313"]
[PlyCount "35"]
[EventDate "2014.03.17"]

1. e4 c5 2. Nf3 Nc6 3. Bb5 d6 4. Bxc6+ bxc6 5. O-O e5 6. c3 g5 7. d4 g4 8. Nfd2
cxd4 9. cxd4 exd4 10. Nc4 c5 11. Re1 Be6 12. Nba3 Qd7 13. Bf4 h5 14. e5 d5 15.
Nd6+ Bxd6 16. exd6 a5 17. Rc1 Rc8 18. Rxc5 1-0

[Event "Pojedinacno prvenstvo Centralne Srbije 2"]
[Site "Vrnjacka Banja"]
[Date "2014.03.19"]
[Round "4.8"]
[White "Pavlovic, Goran"]
[Black "Bojkovic, Natasa"]
[Result "1/2-1/2"]
[WhiteElo "2372"]
[BlackElo "2411"]
[PlyCount "35"]
[EventDate "2014.03.17"]

1. d4 Nf6 2. c4 e6 3. Nf3 b6 4. Bg5 Bb7 5. e3 Be7 6. Nc3 O-O 7. Bd3 h6 8. Bh4
c5 9. dxc5 bxc5 10. O-O d6 11. Qc2 Nbd7 12. Rad1 Qb6 13. Rd2 Rab8 14. Rfd1 Rfd8
15. Bg3 Nf8 16. h3 a6 17. Re1 Bc6 18. e4 1/2-1/2

[Event "Pojedinacno prvenstvo Centralne Srbije 2"]
[Site "Vrnjacka Banja"]
[Date "2014.03.19"]
[Round "4.9"]
[White "Petrovic, Zoran Z"]
[Black "Rabrenovic, Vladan"]
[Result "0-1"]
[WhiteElo "2056"]
[BlackElo "2392"]
[PlyCount "94"]
[EventDate "2014.03.17"]

1. e4 d6 2. d4 g6 3. Nf3 Bg7 4. Nc3 a6 5. a4 Nf6 6. Be2 O-O 7. O-O b6 8. e5
dxe5 9. Nxe5 Bb7 10. Bf3 Qc8 11. Qe2 e6 12. Bg5 Nfd7 13. Ne4 h6 14. Bf4 g5 15.
Bg3 f5 16. Ng6 Re8 17. Nc3 f4 18. Bxf4 gxf4 19. Nxf4 Nf8 20. Bh5 Re7 21. d5 e5
22. Bg4 Qe8 23. Ne6 Nxe6 24. Bxe6+ Kh8 25. Qg4 Nd7 26. f4 exf4 27. Qxf4 Nf8 28.
Bf7 Qd7 29. Rae1 Rxe1 30. Rxe1 Nh7 31. Be6 Qd6 32. Qc4 Qc5+ 33. Qxc5 bxc5 34.
Ne2 Ng5 35. c3 Re8 36. Nf4 Bxd5 37. h4 Nxe6 38. Nxd5 Kg8 39. b4 cxb4 40. cxb4
c6 41. Nf4 Kf7 42. Nd3 Rd8 43. Ne5+ Bxe5 44. Rxe5 Rd4 45. Rf5+ Ke7 46. Rh5 Rxb4
47. a5 c5 0-1

[Event "Pojedinacno prvenstvo Centralne Srbije 2"]
[Site "Vrnjacka Banja"]
[Date "2014.03.19"]
[Round "4.10"]
[White "Nestorovic, Lazar"]
[Black "Maksimovic, Branimir"]
[Result "0-1"]
[WhiteElo "2381"]
[BlackElo "2364"]
[PlyCount "120"]
[EventDate "2014.03.17"]

1. Nf3 Nf6 2. g3 d5 3. Bg2 c6 4. O-O Bf5 5. d3 h6 6. Nbd2 e6 7. b3 a5 8. Bb2
Nbd7 9. c4 Bh7 10. Ne5 Nxe5 11. Bxe5 Be7 12. Bb2 O-O 13. a3 Nd7 14. Qc2 Bf6 15.
Rfb1 Bxb2 16. Qxb2 Qf6 17. Qxf6 Nxf6 18. Rc1 Rfc8 19. Nb1 Nd7 20. Nc3 Nc5 21.
Rab1 d4 22. Na4 Nxa4 23. bxa4 Rc7 24. f4 Re8 25. Rb6 g5 26. Rcb1 Ree7 27. Be4
f5 28. Bf3 Bg6 29. Kf2 Kf7 30. e3 dxe3+ 31. Kxe3 e5 32. fxe5 Rxe5+ 33. Kd2 Ree7
34. Re1 Rxe1 35. Kxe1 g4 36. Bg2 f4 37. gxf4 Bxd3 38. c5 h5 39. Rb2 h4 40. Kf2
Bf5 41. Bf1 Kf6 42. Be2 Re7 43. Rb3 Re4 44. Rxb7 Rxf4+ 45. Ke3 Rxa4 46. Rc7 Ke5
47. Rxc6 Rxa3+ 48. Kd2 Ra2+ 49. Ke3 Rc2 50. Rh6 h3 51. Rh5 Ke6 52. Rh6+ Ke7 53.
c6 a4 54. Rh5 Be6 55. Ra5 g3 56. hxg3 h2 57. Ra7+ Kd6 58. Rh7 a3 59. Rxh2 Rc1
60. Bg4 a2 0-1

[Event "Pojedinacno prvenstvo Centralne Srbije 2"]
[Site "Vrnjacka Banja"]
[Date "2014.03.19"]
[Round "4.11"]
[White "Jovic, Stanoje"]
[Black "Colovic, Dusan"]
[Result "1-0"]
[WhiteElo "2304"]
[BlackElo "2380"]
[PlyCount "147"]
[EventDate "2014.03.17"]

1. c4 e5 2. Nc3 d6 3. Nf3 f5 4. g3 Nf6 5. Bg2 Be7 6. O-O O-O 7. d3 Qe8 8. b4
Qh5 9. a4 f4 10. Ne4 Nxe4 11. dxe4 fxg3 12. hxg3 Be6 13. Be3 Nd7 14. Rc1 h6 15.
c5 Nf6 16. Nh2 Rad8 17. cxd6 Bxd6 18. Qc2 b6 19. a5 Rd7 20. axb6 axb6 21. Rfd1
Qf7 22. Qc6 Rfd8 23. b5 Ba3 24. Rxd7 Bxd7 25. Qxc7 Rc8 26. Qxc8+ Bxc8 27. Rxc8+
Kh7 28. Bf3 Qb3 29. Rc6 Qxb5 30. Rxb6 Qc4 31. Ng4 Nd7 32. Rb7 Qc6 33. Ra7 Bb2
34. Nxh6 Bd4 35. Bxd4 exd4 36. Nf5 Ne5 37. Rxg7+ Kh8 38. Re7 Qc1+ 39. Kg2 Qc5
40. Re8+ Kh7 41. Rd8 d3 42. exd3 Qc2 43. Ne3 Qd2 44. Ng4 Nxd3 45. Rf8 Ne1+ 46.
Kh2 Kg7 47. Rf5 Qd3 48. Bg2 Nxg2 49. Rg5+ Kf8 50. Kxg2 Qxe4+ 51. f3 Qe2+ 52.
Nf2 Kf7 53. g4 Kf6 54. Rf5+ Kg6 55. Rd5 Kh6 56. f4 Kg6 57. Rd3 Kf7 58. Rf3 Kg7
59. f5 Kf6 60. Kg3 Qe5+ 61. Kh4 Qd4 62. Kh5 Qd5 63. g5+ Kg7 64. Kg4 Qc4+ 65.
Kg3 Qc1 66. f6+ Kf7 67. Ne4 Qe1+ 68. Kf4 Qc1+ 69. Kg4 Qg1+ 70. Kf5 Qg2 71. Nd6+
Kf8 72. Rc3 Qf1+ 73. Kg6 Qb1+ 74. Nf5 1-0

[Event "Pojedinacno prvenstvo Centralne Srbije 2"]
[Site "Vrnjacka Banja"]
[Date "2014.03.19"]
[Round "4.12"]
[White "Radosavljevic, Slobodan D"]
[Black "Milenkovic, Mladen"]
[Result "0-1"]
[WhiteElo "2227"]
[BlackElo "2373"]
[PlyCount "90"]
[EventDate "2014.03.17"]

1. g3 g6 2. Bg2 Bg7 3. c4 c5 4. Nf3 Nc6 5. Nc3 b6 6. O-O Bb7 7. e3 Nf6 8. d4
O-O 9. d5 Na5 10. Qd3 d6 11. Rb1 a6 12. b3 Bc8 13. e4 Rb8 14. Bb2 b5 15. cxb5
Qb6 16. a4 axb5 17. Nxb5 Ba6 18. e5 dxe5 19. Nxe5 Bxb5 20. axb5 Qxb5 21. Qxb5
Rxb5 22. Nc6 e6 23. Ne7+ Kh8 24. dxe6 fxe6 25. Rfe1 Rxb3 26. Nc6 Nxc6 27. Bxf6
Rxb1 28. Bxg7+ Kxg7 29. Rxb1 Nd4 30. f4 Rf7 31. Rb7 Rxb7 32. Bxb7 c4 33. Kf2 c3
34. Ke3 c2 35. Kd2 Kf6 36. Be4 e5 37. Bxc2 Nxc2 38. Kxc2 exf4 39. gxf4 Kf5 40.
Kd2 Kxf4 41. Ke2 Kg4 42. Kf2 Kh3 43. Kg1 g5 44. Kh1 g4 45. Kg1 h6 0-1

[Event "Pojedinacno prvenstvo Centralne Srbije 2"]
[Site "Vrnjacka Banja"]
[Date "2014.03.19"]
[Round "4.13"]
[White "Jovanovic, Bojan P"]
[Black "Ratkovic, Miloje"]
[Result "1/2-1/2"]
[WhiteElo "2254"]
[BlackElo "2358"]
[PlyCount "47"]
[EventDate "2014.03.17"]

1. d4 d5 2. Nf3 Nf6 3. c4 e6 4. Nc3 c6 5. cxd5 exd5 6. Qc2 Be7 7. Bg5 O-O 8. e3
Nbd7 9. Bd3 Re8 10. O-O Nf8 11. Rab1 a5 12. a3 Bg4 13. Ne5 Bh5 14. b4 axb4 15.
axb4 N6d7 16. Bxe7 Rxe7 17. Nxd7 Rxd7 18. b5 Rd6 19. bxc6 bxc6 20. Ra1 Rc8 21.
Ra6 Qg5 22. Ne2 Bg4 23. Ng3 g6 24. Re1 1/2-1/2

[Event "Pojedinacno prvenstvo Centralne Srbije 2"]
[Site "Vrnjacka Banja"]
[Date "2014.03.19"]
[Round "4.14"]
[White "Andrijevic, Milan"]
[Black "Bura, Goran"]
[Result "1/2-1/2"]
[WhiteElo "2333"]
[BlackElo "2222"]
[PlyCount "101"]
[EventDate "2014.03.17"]

1. e4 d6 2. d4 Nf6 3. Nc3 e5 4. dxe5 dxe5 5. Qxd8+ Kxd8 6. Bc4 Ke8 7. Nf3 Bd6
8. Bg5 Nbd7 9. O-O-O a6 10. Rhe1 h6 11. Bh4 Kf8 12. h3 g6 13. Nh2 Kg7 14. f4 b5
15. Bb3 Re8 16. fxe5 Nxe5 17. Rf1 g5 18. Bg3 Be6 19. Bxe6 Rxe6 20. Nf3 b4 21.
Nd5 Nxf3 22. Bxd6 Nxd5 23. Rxd5 Rxd6 24. Rxf3 Rad8 25. Rdd3 Re8 26. Rfe3 Rde6
27. Rd4 c5 28. Rc4 f5 29. Rxc5 f4 30. Re2 Rxe4 31. Rxe4 Rxe4 32. Kd2 Re3 33. c4
bxc3+ 34. Rxc3 Rxc3 35. Kxc3 Kf6 36. Kd3 Ke5 37. b4 h5 38. a4 g4 39. h4 Kd5 40.
b5 axb5 41. axb5 Kc5 42. Ke4 f3 43. gxf3 gxf3 44. Kxf3 Kxb5 45. Kf4 Kc5 46. Kg5
Kd6 47. Kxh5 Ke7 48. Kg6 Kf8 49. h5 Kg8 50. h6 Kh8 51. h7 1/2-1/2

[Event "Pojedinacno prvenstvo Centralne Srbije 2"]
[Site "Vrnjacka Banja"]
[Date "2014.03.19"]
[Round "4.15"]
[White "Ilic, Zoran S"]
[Black "Pantovic, Dragan M"]
[Result "1/2-1/2"]
[WhiteElo "2297"]
[BlackElo "2132"]
[PlyCount "64"]
[EventDate "2014.03.17"]

1. d4 Nf6 2. Nf3 d5 3. c4 e6 4. Nc3 Be7 5. Bf4 O-O 6. e3 c5 7. dxc5 Bxc5 8.
cxd5 Nxd5 9. Nxd5 exd5 10. a3 Nc6 11. Bd3 h6 12. O-O Be6 13. Rc1 Bd6 14. Qa4 a6
15. Bb1 Bxf4 16. Qxf4 Qb6 17. Rc2 Rfd8 18. Rd2 Na5 19. Ba2 Nc4 20. Rc2 Rac8 21.
Qd4 Qb5 22. Qd3 Qb6 23. Rb1 Bg4 24. Nd4 Bh5 25. f4 Re8 26. Bxc4 dxc4 27. Qc3
Qf6 28. Re1 b5 29. Rf2 Qb6 30. h3 f6 31. Rd2 Bg6 32. Kh2 Be4 1/2-1/2

[Event "Pojedinacno prvenstvo Centralne Srbije 2"]
[Site "Vrnjacka Banja"]
[Date "2014.03.19"]
[Round "4.16"]
[White "Rajkovic, Dusan"]
[Black "Stojanovic, Zlatko"]
[Result "1-0"]
[WhiteElo "2369"]
[BlackElo "2253"]
[PlyCount "73"]
[EventDate "2014.03.17"]

1. c4 g6 2. d4 Bg7 3. Nc3 d6 4. e4 Nd7 5. Bg5 h6 6. Be3 e5 7. d5 Ne7 8. g4 f5
9. f3 Bf6 10. h4 Ng8 11. Bf2 Be7 12. h5 Ndf6 13. hxg6 fxg4 14. Qd2 h5 15. f4
exf4 16. Qxf4 Rh6 17. Bd3 Rxg6 18. e5 Rh6 19. exf6 Bxf6 20. O-O-O Bg5 21. Re1+
Be6 22. Be3 Bxf4 23. Bxf4 Rf6 24. Bg5 Kf8 25. Bxf6 Qxf6 26. dxe6 Qh6+ 27. Kc2
Kg7 28. Nge2 h4 29. Ng3 Rf8 30. Nf5+ Rxf5 31. Bxf5 g3 32. e7 Nxe7 33. Rxe7+ Kf8
34. Re2 Qf4 35. Bh3 Qxc4 36. Re4 Qc5 37. Rf1+ 1-0

[Event "Pojedinacno prvenstvo Centralne Srbije 2"]
[Site "Vrnjacka Banja"]
[Date "2014.03.19"]
[Round "4.17"]
[White "Dudukovic, Nikola"]
[Black "Djosic, Slavoljub"]
[Result "0-1"]
[WhiteElo "2364"]
[BlackElo "2252"]
[PlyCount "52"]
[EventDate "2014.03.17"]

1. e4 Nf6 2. e5 Nd5 3. c4 Nb6 4. c5 Nd5 5. Bc4 c6 6. Nc3 Nxc3 7. dxc3 d5 8.
cxd6 exd6 9. Be3 Qc7 10. Qf3 d5 11. Bd3 Nd7 12. Bc2 Qxe5 13. O-O-O Bd6 14. Nh3
Qf6 15. Qe2 O-O 16. Bg5 {...} Qe6 17. Qh5 f5 18. Rhe1 Qf7 19. Qh4 Nf6 20. f3 h6
21. Be3 Bd7 22. Bd4 Rae8 23. Rg1 Bxh2 24. Rge1 Bd6 25. g4 fxg4 26. fxg4 Ne4 0-1

[Event "Pojedinacno prvenstvo Centralne Srbije 2"]
[Site "Vrnjacka Banja"]
[Date "2014.03.19"]
[Round "4.18"]
[White "Jokic, Miodrag"]
[Black "Stojanovic, Andjelija"]
[Result "1/2-1/2"]
[WhiteElo "2103"]
[BlackElo "2295"]
[PlyCount "84"]
[EventDate "2014.03.17"]

1. d4 d5 2. c4 Nc6 3. Nc3 e6 4. Nf3 Nf6 5. e3 a6 6. a3 Be7 7. Bd3 O-O 8. O-O
dxc4 9. Bxc4 Bd6 10. e4 e5 11. d5 Ne7 12. h3 Ng6 13. Re1 Nh5 14. Bf1 Qe7 15. g3
h6 16. Nh2 Nf6 17. Ng4 Nh7 18. Ne3 Qf6 19. Ng4 Qd8 20. Bg2 f5 21. exf5 Bxf5 22.
Be4 Ng5 23. Bxf5 Rxf5 24. Bxg5 Qxg5 25. Ne4 Qe7 26. Ne3 Rff8 27. Qh5 Qf7 28.
Ng4 Ne7 29. Qxf7+ Rxf7 30. Ne3 Raf8 31. Rac1 Nc8 32. Rc2 Nb6 33. Rec1 a5 34. h4
Rf3 35. Kg2 a4 36. Rd1 R3f7 37. Rd3 Ra8 38. Rdc3 Ra5 39. Rd3 Rb5 40. Rcd2 Rd7
41. Rc2 Bf8 42. Rdc3 Nxd5 1/2-1/2

[Event "Pojedinacno prvenstvo Centralne Srbije 2"]
[Site "Vrnjacka Banja"]
[Date "2014.03.19"]
[Round "4.19"]
[White "Zivkovic, Nemanja"]
[Black "Ristic, Dejan D"]
[Result "1-0"]
[WhiteElo "2290"]
[BlackElo "1770"]
[PlyCount "127"]
[EventDate "2014.03.17"]

1. e4 c5 2. Nf3 Nc6 3. Bb5 d6 4. O-O Bg4 5. Bxc6+ bxc6 6. h3 Bh5 7. Re1 e5 8.
d3 Qf6 9. Nbd2 Qe6 10. Nf1 f6 11. Ng3 Bg6 12. c3 Ne7 13. d4 cxd4 14. cxd4 Nc8
15. b3 Be7 16. Ba3 Nb6 17. Rc1 Rc8 18. Nh4 O-O 19. Nhf5 Rfe8 20. Qg4 Bf8 21.
Red1 exd4 22. Rxd4 c5 23. Rdd1 Nd7 24. Qf4 Ne5 25. f3 Red8 26. Ne3 Bf7 27. Nd5
c4 28. Qd2 cxb3 29. axb3 Rxc1 30. Rxc1 Rc8 31. Nf5 Rxc1+ 32. Qxc1 Qd7 33. Nh6+
Kh8 34. Nxf7+ Qxf7 35. Qc8 Qg8 36. Qa8 h6 37. Qxa7 f5 38. Qb8 fxe4 39. fxe4 Nd7
40. Qe8 Nf6 41. Nxf6 gxf6 42. Bb2 Kg7 43. Qd7+ Qf7 44. Qxf7+ Kxf7 45. Kf2 Ke6
46. Kf3 f5 47. exf5+ Kxf5 48. g4+ Ke6 49. Ke4 d5+ 50. Kd3 Bc5 51. Bg7 h5 52.
gxh5 Kf7 53. Bc3 Kg8 54. b4 Bb6 55. Bd4 Bc7 56. b5 Kh7 57. Be3 Bb8 58. b6 Kg8
59. b7 Be5 60. Ba7 Kh7 61. b8=Q Bxb8 62. Bxb8 Kh6 63. Bg3 Kxh5 64. Kd4 1-0

[Event "Pojedinacno prvenstvo Centralne Srbije 2"]
[Site "Vrnjacka Banja"]
[Date "2014.03.19"]
[Round "4.20"]
[White "Zivkovic, Marko"]
[Black "Vujacic, Borivoje"]
[Result "1/2-1/2"]
[WhiteElo "2192"]
[BlackElo "2287"]
[PlyCount "186"]
[EventDate "2014.03.17"]

1. d4 Nf6 2. Bg5 Ne4 3. Bc1 c5 4. d5 Qa5+ 5. c3 g6 6. f3 Nf6 7. e4 d6 8. a4 Bg7
9. Bb5+ Nbd7 10. Na3 O-O 11. Be3 a6 12. Be2 Ne5 13. Nh3 Bxh3 14. gxh3 b5 15.
axb5 axb5 16. O-O b4 17. Nc2 Qc7 18. cxb4 cxb4 19. Nxb4 Qb7 20. Rxa8 Rxa8 21.
Qd2 Rb8 22. Nc6 Nxc6 23. dxc6 Qxc6 24. b4 Nd7 25. Rc1 Qa4 26. b5 Nc5 27. Rd1 h5
28. Bxc5 dxc5 29. Qd3 Bd4+ 30. Kg2 e6 31. Rb1 Qa5 32. f4 Rb6 33. Rf1 Qa8 34.
Qf3 Qa2 35. Qd3 Kg7 36. Kh1 Qa8 37. Qf3 Qd8 38. Qg3 Qe7 39. Qf3 Qc7 40. Qd3 Rd6
41. Qb3 Qb7 42. Qf3 h4 43. Kg2 Qa7 44. Qb3 Rb6 45. Bc4 Qa8 46. Qf3 Qa4 47. Qd3
Qa5 48. Rd1 Rb8 49. Qe2 Qc7 50. Rf1 Qb7 51. Qf3 Ra8 52. f5 gxf5 53. exf5 Qxf3+
54. Rxf3 Ra1 55. Rf1 Ra4 56. Rc1 exf5 57. Rc2 Kf6 58. Bd5 Rb4 59. Bc4 Kg5 60.
Kf3 Kf6 61. Kg2 Ke5 62. Kf3 Rb1 63. Re2+ Kf6 64. Rc2 Re1 65. Kg2 Ke5 66. Re2+
Rxe2+ 67. Bxe2 Ke4 68. b6 Be5 69. Bc4 f6 70. Kf2 Kd4 71. Be6 f4 72. Ke2 Ke4 73.
Bg4 c4 74. Bf3+ Kd4 75. Bg4 Kc3 76. Be6 f5 77. b7 Bd6 78. Bf7 f3+ 79. Kxf3 f4
80. Ke2 Kd4 81. Bg6 Be5 82. Bf5 Bb8 83. Bg6 Kd5 84. Bf7+ Kc5 85. Be6 c3 86. Bf5
Kb4 87. Bc2 Ka3 88. Kd3 Kb2 89. Bd1 Bc7 90. Ba4 Bb8 91. Bd1 Ba7 92. Ke4 Bb8 93.
Ba4 Ba7 1/2-1/2

[Event "Pojedinacno prvenstvo Centralne Srbije 2"]
[Site "Vrnjacka Banja"]
[Date "2014.03.19"]
[Round "4.21"]
[White "Stanojevic, Branko"]
[Black "Colovic, Zoran"]
[Result "1-0"]
[WhiteElo "2271"]
[BlackElo "2102"]
[PlyCount "35"]
[EventDate "2014.03.17"]

1. d4 c5 2. d5 b5 3. e4 Qb6 4. Nf3 d6 5. a4 b4 6. Bb5+ Nd7 7. Nbd2 e5 8. dxe6
fxe6 9. Nc4 Qc7 10. Ng5 Ke7 11. Qf3 Nh6 12. O-O a6 13. Bxd7 Bxd7 14. e5 d5 15.
Nd6 Be8 16. Nxe6 Kxe6 17. Qh3+ Kxe5 18. Bf4+ 1-0

[Event "Pojedinacno prvenstvo Centralne Srbije 2"]
[Site "Vrnjacka Banja"]
[Date "2014.03.19"]
[Round "4.22"]
[White "Gagic, Miroljub"]
[Black "Gavrilovic, Leonardo"]
[Result "0-1"]
[WhiteElo "1865"]
[BlackElo "2255"]
[PlyCount "58"]
[EventDate "2014.03.17"]

1. Nf3 Nf6 2. g3 d6 3. d4 g6 4. Bg2 Bg7 5. O-O O-O 6. b3 c5 7. Bb2 cxd4 8. Nxd4
a6 9. c4 e5 10. Nc2 Nc6 11. Nc3 Be6 12. Ne3 Rc8 13. Ned5 Nd7 14. e3 Re8 15. Ne4
Nc5 16. Ndc3 Bf8 17. Nxc5 dxc5 18. Qxd8 Rexd8 19. Rfd1 f6 20. Rxd8 Nxd8 21. Rd1
Kf7 22. Bd5 Rb8 23. a4 Nc6 24. Be4 f5 25. Bc2 e4 26. Nd5 b5 27. axb5 axb5 28.
Bc3 bxc4 29. bxc4 Bg7 {...} 0-1

[Event "Pojedinacno prvenstvo Centralne Srbije 2"]
[Site "Vrnjacka Banja"]
[Date "2014.03.19"]
[Round "4.23"]
[White "Zajic, Milun"]
[Black "Sorgic, Dragan"]
[Result "0-1"]
[WhiteElo "1954"]
[BlackElo "2244"]
[PlyCount "101"]
[EventDate "2014.03.17"]

1. c4 e5 2. g3 Nf6 3. Bg2 d5 4. cxd5 Nxd5 5. Nc3 Nb6 6. Nf3 Nc6 7. d3 Be7 8.
O-O O-O 9. Be3 Be6 10. Qc1 f6 11. Rd1 Nd4 12. Ne1 c6 13. Nc2 Qd7 14. Qd2 c5 15.
f3 Nd5 16. Bf2 Nb4 17. Ne3 Rac8 18. b3 b5 19. Rac1 f5 20. f4 exf4 21. gxf4 Rf6
22. Nf1 Rg6 23. Ng3 a6 24. e3 Ndc6 25. d4 cxd4 26. exd4 Nd5 27. Nce2 Ba3 28.
Rc2 Ncb4 29. Rc5 Nc6 30. Rc2 Nce7 31. Rc5 Rd8 32. Qc2 Bf7 33. Bf3 Bxc5 34. dxc5
Qe8 35. a3 b4 36. axb4 Nxb4 37. Rxd8 Qxd8 38. Qc3 Nec6 39. Nd4 Nxd4 40. Bxd4
Nd5 41. Qd2 Ne7 42. Qc3 Nd5 43. Qd2 Nc7 44. Qb2 Ne6 45. Be5 Nxc5 46. b4 Ne4 47.
Kg2 Nxg3 48. hxg3 Bd5 49. Qc2 Bxf3+ 50. Kxf3 Qd5+ 51. Kf2 0-1

[Event "Pojedinacno prvenstvo Centralne Srbije 2"]
[Site "Vrnjacka Banja"]
[Date "2014.03.19"]
[Round "4.24"]
[White "Miladinovic, Lena"]
[Black "Todorovic, Kosta"]
[Result "0-1"]
[WhiteElo "2095"]
[BlackElo "1929"]
[PlyCount "90"]
[EventDate "2014.03.17"]

1. d4 Nf6 2. Nf3 g6 3. c4 Bg7 4. Nc3 d6 5. e4 Nbd7 6. Be2 e5 7. O-O O-O 8. Qc2
Re8 9. d5 a5 10. a3 Nc5 11. Bg5 a4 12. Ne1 h6 13. Bh4 g5 14. Bg3 Nb3 15. Rb1
Nd4 16. Qd1 Nxe4 17. Nxe4 f5 18. Bd3 fxe4 19. Bxe4 Qf6 20. Nc2 Bf5 21. f3 Qg6
22. Qd3 Bxe4 23. fxe4 Nb3 24. Rf5 Rf8 25. Rbf1 Rxf5 26. exf5 Qf6 27. Bf2 e4 28.
Qe2 Qxf5 29. Be3 Qg6 30. Na1 Rf8 31. Rxf8+ Kxf8 32. Nxb3 axb3 33. Qf1+ Ke7 34.
Qd1 Qf6 35. Qxb3 Qxb2 36. Qd1 Qxa3 37. Qe1 Qa1 38. Bc1 Qd4+ 39. Kh1 Qxc4 40. h4
Qxd5 41. hxg5 hxg5 42. Bxg5+ Qxg5 43. Qxe4+ Kd7 44. Qxb7 Qh5+ 45. Kg1 Bd4+ 0-1

[Event "Pojedinacno prvenstvo Centralne Srbije 2"]
[Site "Vrnjacka Banja"]
[Date "2014.03.19"]
[Round "4.25"]
[White "Ratkovic, Petar"]
[Black "Tosic, Dragoljub"]
[Result "0-1"]
[WhiteElo "1783"]
[BlackElo "1966"]
[PlyCount "102"]
[EventDate "2014.03.17"]

1. d4 Nf6 2. Nf3 d5 3. c4 g6 4. Nc3 Bg7 5. Bf4 O-O 6. e3 c5 7. dxc5 Qa5 8. Qb3
Ne4 9. Be5 f6 10. Bxb8 Rxb8 11. cxd5 Nxc5 12. Qb5 Qc7 13. Qc4 Qd6 14. Be2 a6
15. a4 f5 16. O-O h6 17. Rab1 Bd7 18. Nd4 Rfc8 19. Qb4 Kh7 20. Rfd1 Be5 21. Nf3
Bxc3 22. Qxc3 Nxa4 23. Qe5 Rc5 24. b4 Rc7 25. Rdc1 Rbc8 26. Rxc7 Rxc7 27. Bf1
Nc3 28. Rb2 Nxd5 29. Qxd6 exd6 30. Rd2 Be6 31. h4 b5 32. h5 Rc1 33. g3 gxh5 34.
Nd4 Bd7 35. Nxf5 Bxf5 36. Rxd5 Bh3 37. Rxd6 Bxf1 38. Rxa6 Bc4+ 39. Kg2 Bd5+ 40.
f3 Rc2+ 41. Kf1 Bxf3 42. Rf6 Be2+ 43. Ke1 Bc4 44. Rf2 Rc1+ 45. Kd2 Rb1 46. Kc3
Rb3+ 47. Kd4 Rxb4 48. e4 Rb3 49. Rg2 Kg6 50. e5 Rd3+ 51. Ke4 Bd5+ 0-1

[Event "Pojedinacno prvenstvo Centralne Srbije 2"]
[Site "Vrnjacka Banja"]
[Date "2014.03.19"]
[Round "4.26"]
[White "Dabizljevic, Radun"]
[Black "Gajic, Sladjan"]
[Result "0-1"]
[WhiteElo "1834"]
[BlackElo "2066"]
[PlyCount "96"]
[EventDate "2014.03.17"]

1. e4 c5 2. Nf3 e6 3. Be2 d5 4. exd5 exd5 5. d3 Nf6 6. Bg5 Be7 7. Nbd2 Be6 8.
c3 O-O 9. Nf1 Nbd7 10. Qd2 b5 11. Ng3 Re8 12. h3 a5 13. O-O b4 14. Nh2 Qb6 15.
Rfe1 Rad8 16. Ng4 c4 17. d4 bxc3 18. bxc3 Rb8 19. Rab1 Qc6 20. Bf3 Rxb1 21.
Rxb1 Nxg4 22. hxg4 Bd6 23. Bf4 Nf6 24. Bxd6 Qxd6 25. Qg5 h6 26. Qh4 Qf4 27. Nf1
Ne4 28. Rb5 Nxc3 29. Rxa5 Qxd4 30. Qg3 Ne4 31. Bxe4 Qxe4 32. f3 Qd4+ 33. Qf2
Qc3 34. Qd2 Qf6 35. Ra6 Qa1 36. Kf2 Rb8 37. Qe3 Qf6 38. f4 Qh4+ 39. g3 Qxg4 40.
Rb6 Ra8 41. Qd2 h5 42. Qb2 h4 43. Rb8+ Rxb8 44. Qxb8+ Kh7 45. Qb1+ g6 46. Qc1
d4 47. gxh4 Bd5 48. Ng3 Qf3+ 0-1

[Event "Pojedinacno prvenstvo centralne Srbije"]
[Site "www.sah-centralnasrbija.com"]
[Date "2014.03.19"]
[Round "4"]
[White "SAVICEVIC , Vlatko"]
[Black "SEDLAK , Nikola"]
[Result "0-1"]
[WhiteElo "2330"]
[BlackElo "2562"]
[PlyCount "34"]
[EventDate "2014.??.??"]

1. e4 e6 2. d4 d5 3. Nd2 c5 4. c3 Nc6 5. Ngf3 Nf6 6. Bd3 cxd4 7. cxd4 dxe4 8.
Nxe4 Be7 9. O-O O-O 10. Nc3 b6 11. a3 Bb7 12. Re1 Rc8 13. Bc2 Na5 14. Qd3 Bxf3
15. Qxf3 Nc6 16. Rd1 Nxd4 17. Qb7 Rc7 0-1

[Event "Pojedinacno prvenstvo centralne Srbije"]
[Site "www.sah-centralnasrbija.com"]
[Date "2014.03.19"]
[Round "4"]
[White "LAJTHAJM , Borko"]
[Black "PIKULA , Dejan"]
[Result "1-0"]
[WhiteElo "2525"]
[BlackElo "2498"]
[PlyCount "73"]
[EventDate "2014.??.??"]

1. d4 Nf6 2. c4 e6 3. Nc3 Bb4 4. Qc2 c5 5. dxc5 Bxc5 6. Nf3 O-O 7. Bg5 Be7 8.
e3 d6 9. Bd3 Nbd7 10. Rd1 h6 11. Bh4 a6 12. O-O b6 13. Be4 Ra7 14. Nd4 Nb8 15.
Bf3 Bb7 16. Bxb7 Rxb7 17. Bxf6 Bxf6 18. Ne4 Be7 19. Qd3 d5 20. cxd5 Qxd5 21.
Nc3 Qd8 22. Qe4 Rd7 23. Nc6 Qc7 24. Nxe7+ Rxe7 25. Rc1 Qb7 26. Rfd1 b5 27. g3
Qxe4 28. Nxe4 f5 29. Nc5 Kf7 30. Rd6 Rc8 31. b4 a5 32. Rb1 axb4 33. Nd3 e5 34.
Rxb4 e4 35. Nf4 g5 36. Ne2 Rc6 37. Rd5 1-0

[Event "Pojedinacno prvenstvo centralne Srbije"]
[Site "www.sah-centralnasrbija.com"]
[Date "2014.03.19"]
[Round "4"]
[White "CABRILO Goran"]
[Black "ABRAMOVIC Bosko"]
[Result "1/2-1/2"]
[WhiteElo "2406"]
[BlackElo "2437"]
[PlyCount "46"]
[EventDate "2014.??.??"]

1. e4 c5 2. Nf3 Nc6 3. d4 cxd4 4. Nxd4 g6 5. c4 Bg7 6. Be3 Nf6 7. Nc3 O-O 8.
Be2 d6 9. O-O Bd7 10. Qd2 Nxd4 11. Bxd4 Bc6 12. f3 a5 13. b3 Nd7 14. Be3 Nc5
15. Rac1 Qb6 16. Nd5 Bxd5 17. cxd5 Qb4 18. Rfd1 Rfc8 19. Rc4 Qxd2 20. Rxd2 Rab8
21. Rc1 b5 22. Rdc2 b4 23. Kf2 Bc3 1/2-1/2

[Event "Pojedinacno prvenstvo centralne Srbije"]
[Site "www.sah-centralnasrbija.com"]
[Date "2014.03.19"]
[Round "4"]
[White "VELICKOVIC,  Sasa"]
[Black "MILANOVIC , Danilo"]
[Result "1/2-1/2"]
[WhiteElo "2377"]
[BlackElo "2506"]
[PlyCount "125"]
[EventDate "2014.??.??"]

1. e4 d5 2. exd5 Qxd5 3. Nc3 Qd6 4. d4 c6 5. Nf3 Bg4 6. Be2 Nf6 7. Bg5 Nbd7 8.
Qd2 e6 9. a3 Qc7 10. h3 Bf5 11. Bd3 Bxd3 12. Qxd3 Bd6 13. Bxf6 Nxf6 14. Ne4
Nxe4 15. Qxe4 Qb6 16. O-O-O Qb5 17. Rhe1 O-O 18. Rd3 Qd5 19. Rb3 Rab8 20. Kb1
Rfd8 21. Rd3 b5 22. Ree3 Rbc8 23. Qh4 f6 24. Qg4 Re8 25. Nd2 Kh8 26. Re2 Rc7
27. h4 a5 28. Qh3 b4 29. a4 Bf8 30. Qf3 Kg8 31. Nb3 Ra7 32. Re4 Kf7 33. Rde3
Bd6 34. g4 Rae7 35. Qe2 Kg8 36. Qd3 f5 37. gxf5 exf5 38. Rxe7 Rxe7 39. f3 Kf7
40. Nd2 Rxe3 41. Qxe3 Be7 42. h5 Bf6 43. Nb3 g5 44. hxg6+ hxg6 45. f4 Qh1+ 46.
Ka2 Qe4 47. Qd2 Bd8 48. c3 bxc3 49. Qxc3 Qd5 50. Qh3 Kg7 51. Qe3 Qc4 52. Kb1
Bf6 53. Nxa5 Qxa4 54. Nb3 Qc4 55. Qc3 Qd5 56. Qe3 Kf7 57. Kc2 Qc4+ 58. Qc3 Qe2+
59. Nd2 Qf2 60. Qxc6 Qxd4 61. Qc4+ Ke7 62. Qxd4 Bxd4 63. Nc4 1/2-1/2

[Event "Pojedinacno prvenstvo centralne Srbije"]
[Site "www.sah-centralnasrbija.com"]
[Date "2014.03.19"]
[Round "4"]
[White "MARKOVIC,  Miroslav"]
[Black "ZAJIC,  Milan"]
[Result "1-0"]
[WhiteElo "2501"]
[BlackElo "2370"]
[PlyCount "87"]
[EventDate "2014.??.??"]

1. e4 e6 2. Qe2 d5 3. exd5 Qxd5 4. Nf3 c5 5. Nc3 Qd8 6. g3 Nc6 7. Bg2 Nge7 8.
O-O Nf5 9. d3 Be7 10. Ne4 O-O 11. c3 e5 12. a3 a5 13. a4 Re8 14. Nfd2 Be6 15.
Nc4 Bd5 16. f4 exf4 17. Bxf4 g6 18. Qf2 Ng7 19. Rae1 Ne6 20. Bh6 f5 21. Ne3 Nc7
22. Nxd5 Nxd5 23. Nxc5 Nf6 24. Bg5 Ng4 25. Bxe7 Rxe7 26. Qf4 Rc8 27. d4 Qe8 28.
Rxe7 Qxe7 29. Bf3 Nce5 30. h3 Nxf3+ 31. Qxf3 Nf6 32. Rf2 Re8 33. Qxb7 Qe1+ 34.
Kg2 Re2 35. Nd3 Qd2 36. Qb8+ Kg7 37. Qc7+ Kh8 38. Qd8+ Kg7 39. Qe7+ Rxe7 40.
Rxd2 Re3 41. Nc5 Nh5 42. Rd3 Re2+ 43. Kf3 Rxb2 44. d5 1-0